LIBRARY & INFORMATION CENTRE, KCAET, TAVANUR

ONLINE PUBLIC ACCESS CATALOGUE (OPAC)

Text book of theoretical botany vol-1 / (Record no. 10183)

MARC details
000 -LEADER
fixed length control field 00488cam a2200193ua 4500
041 ## - LANGUAGE CODE
Language code of text/sound track or separate title eng
082 ## - DEWEY DECIMAL CLASSIFICATION NUMBER
Classification number 581
Item number MCL/TE
100 ## - MAIN ENTRY--AUTHOR NAME
Personal name Mclean, R C .
245 ## - TITLE STATEMENT
Title Text book of theoretical botany vol-1 /
260 ## - PUBLICATION, DISTRIBUTION, ETC. (IMPRINT)
Place of publication London :
Name of publisher Longman Green and Co ,
Year of publication 1958.
300 ## - PHYSICAL DESCRIPTION
Number of Pages 1073 ; .
500 ## - GENERAL NOTE
General note **Reference
700 1# - ADDED ENTRY--PERSONAL NAME
Personal name Cook, Ivimey W R .
942 ## - ADDED ENTRY ELEMENTS (KOHA)
Koha item type Books
Holdings
Withdrawn status Lost status Damaged status Home library Current library Date acquired Full call number Accession Number Koha item type
      KAUAET KAUAET 07/04/2012 581 4784 Reference
free website counter